Forensic Accounting as a profession in Cyprus

Detalles Bibliográficos
Autor principal: Zevlaris, Andreas
Formato: eBook
Lenguaje:inglés
Publicado: Nicosia: Lambert Academic Publishing, 2019
Materias:
Acceso en línea:Acceso restringido

MARC

LEADER 00000nam a22000007a 4500
005 20190919220737.0
007 cr|||| ||||
008 190919s2019 cy |||||s|||| 00||0 eng d
020 |a 9786200118066 
035 |a 29443 
040 |a vLex 
090 |c 9592  |d 9592 
100 1 |a Zevlaris, Andreas 
245 1 0 |a Forensic Accounting as a profession in Cyprus  |h [Recurso electrn̤ico] /  |c Andreas Zevlaris 
256 |a Servicio en ln̕ea 
260 |a Nicosia:  |b Lambert Academic Publishing,  |c 2019 
300 |a 1 recurso electrn̤ico 
500 |a The financial crimes have been increased during the last years. Middleton and Levi (2005) pointed out that laundering and embezzlement is a common phenomenon in the field of accounting and law resulting in the development of forensic accountancy. During the last 50 years, corporate criminal activities and criminal enterprises have become more sophisticated, better organized, and more complex. Writing this book, author's thought in mind was firstly to determine whether forensic accounting can assist Cyprus in solving a crime, identify a framework for establishing a forensic accountancy “profession” in Cyprus, and provide recommendations to the areas in which forensic accounting could be useful. This book identifies the significance of forensic accounting as a work-placed discipline in society, suggests that forensic accountants’ techniques are crucial for combating financial crimes and corruption and recommends the introduction of specialist forensic accountants in police departments and the Attorney General Department. Finally, any framework with strong legislation and characteristics, such as the UK’s and Australia’s should be adopted in Cyprus. 
506 1 |a Disponible solo en los productos indicados  |d vLex Global  |d vLex Global (Academic Edition, excluding Law Schools)  |d vLex Global (U.S. Academic Edition, Law Schools)  |d vLex Global (U.S. Academic Edition, excluding Law Schools)  |d vLex Global (Academic Edition, Law Schools) 
650 0 4 |a Derecho Penal  |z Chipre 
740 0 |a vLex Libros (Servicio en ln̕ea) 
856 4 0 |u http://vlex.com/source/29443  |z Acceso restringido 
942 |c BOOK 
999 0 |a Criminal law